[Event "USV VB Halle-USC Magdeburg"]
[Site "Greifswald"]
[Date "2013.09.13"]
[Round "3.4"]
[White "zur Nieden, Philipp"]
[Black "Wiese, Tobias"]
[Result "1-0"]
[WhiteElo "1278"]
[BlackElo "1314"]
[PlyCount "79"]
[EventDate "2013.??.??"]
[WhiteTeam "USV VB Halle"]
[BlackTeam "USC Magdeburg"]

1. e4 e6 2. d4 d5 3. exd5 exd5 4. Nf3 Bd6 5. Bd3 Ne7 6. O-O O-O 7. Bg5 c5 8. c3
Nbc6 9. Nbd2 Qb6 10. dxc5 Bxc5 11. Qc2 Ng6 12. Nb3 Re8 13. Nxc5 Qxc5 14. Rfe1
Bd7 15. Re3 Bg4 16. Rae1 Rxe3 17. Rxe3 Bxf3 18. Rxf3 Nce5 19. Rh3 Nxd3 20. Rxd3
Re8 21. Be3 Nh4 22. h3 Qd6 23. Qd1 Qg6 24. g3 Nf5 25. Bf4 Ne7 26. Rd4 Qf5 27.
h4 h6 28. Bd6 Qe6 29. Bxe7 Qxe7 30. Kf1 g5 31. hxg5 hxg5 32. Rxd5 Kg7 33. Qd2
Kg6 34. f4 Qe4 35. Rxg5+ Kf6 36. Qd4+ Qxd4 37. cxd4 Re4 38. d5 Rd4 39. Ke2 b6
40. Ke3 1-0

[Event "SK Lehrte-SF Bremer Osten"]
[Site "Greifswald"]
[Date "2013.09.13"]
[Round "3.2"]
[White "Klein, Florian"]
[Black "Cegielka, Michael"]
[Result "1-0"]
[WhiteElo "1634"]
[BlackElo "1647"]
[PlyCount "57"]
[EventDate "2013.??.??"]
[WhiteTeam "SK Lehrte"]
[BlackTeam "SF Bremer Osten"]

1. d4 Nf6 2. Nf3 d5 3. e3 e6 4. Bd3 c5 5. b3 Nc6 6. Bb2 Bd7 7. Nbd2 cxd4 8.
exd4 Be7 9. O-O O-O 10. Ne5 Rc8 11. a3 Qb6 12. Ndf3 Rc7 13. c4 Na5 14. Nd2 dxc4
15. Ndxc4 Nxc4 16. Nxc4 Qc6 17. Rc1 Rfc8 18. Ne5 Qd5 19. Rxc7 Rxc7 20. Bc4 Qa5
21. f4 Bb5 22. f5 Nd5 23. fxe6 fxe6 24. Qg4 Qb6 25. Bxb5 Ne3 26. Qf3 Qxb5 27.
Qf7+ Kh8 28. Qf8+ Bxf8 29. Rxf8# 1-0

[Event "SK Lehrte-SF Bremer Osten"]
[Site "Greifswald"]
[Date "2013.09.13"]
[Round "3.3"]
[White "Genath, Daniel"]
[Black "Baghdasaryan, Ani"]
[Result "0-1"]
[WhiteElo "1459"]
[BlackElo "1429"]
[PlyCount "60"]
[EventDate "2013.??.??"]
[WhiteTeam "SF Bremer Osten"]
[BlackTeam "SK Lehrte"]

1. e4 c5 2. Nf3 d6 3. d4 cxd4 4. Nxd4 Nf6 5. Nc3 g6 6. Be2 Bg7 7. Be3 O-O 8.
O-O Nc6 9. f4 a6 10. Qd2 Qc7 11. Rad1 b5 12. a3 Bb7 13. Nxc6 Bxc6 14. Bf3 Qb7
15. e5 dxe5 16. fxe5 Ne4 17. Nxe4 Bxe4 18. Bxe4 Qxe4 19. Rfe1 Qxe5 20. Bg5 Qc5+
21. Kh1 e6 22. Qd7 Qxg5 23. c3 Rad8 24. Qc7 Be5 25. Qb6 Rxd1 26. Rxd1 Qh5 27.
Qg1 Bxh2 28. Qxh2 Qxd1+ 29. Qg1 Qxg1+ 30. Kxg1 Rd8 0-1

[Event "SK Lehrte-SF Bremer Osten"]
[Site "Greifswald"]
[Date "2013.09.13"]
[Round "3.4"]
[White "Dannenberg, Nicole"]
[Black "Oleskow, Jan Christian"]
[Result "1/2-1/2"]
[WhiteElo "1223"]
[BlackElo "1385"]
[PlyCount "134"]
[EventDate "2013.??.??"]
[WhiteTeam "SK Lehrte"]
[BlackTeam "SF Bremer Osten"]

1. e4 e5 2. c4 c5 3. Nc3 Nf6 4. g3 Nc6 5. Bg2 b6 6. Nge2 Bb7 7. O-O d6 8. d3 g6
9. f4 Bg7 10. f5 O-O 11. Bg5 Nb4 12. a3 Na6 13. h3 Nc7 14. Nd5 Ncxd5 15. cxd5
Qd7 16. g4 Rac8 17. Rc1 Ba6 18. b3 h6 19. Be3 g5 20. Ng3 Nh7 21. Nh5 f6 22. Kf2
b5 23. Rh1 c4 24. b4 Rc7 25. Bf1 cxd3 26. Rxc7 Qxc7 27. Qxd3 Rc8 28. Be2 Qc3
29. Qxc3 Rxc3 30. Rc1 Rxa3 31. Rc7 Bf8 32. Rxa7 Ra2 33. Ra8 Ra4 34. Bb6 Bb7 35.
Rb8 Ba6 36. Bc7 Rxb4 37. Bxd6 Rxe4 38. Bxf8 Rxe2+ 39. Kxe2 Nxf8 40. Nxf6+ Kf7
41. Ne4 Nd7 42. Rd8 b4+ 43. Ke3 Bb5 44. Ra8 Nb6 45. Ra7+ Kf8 46. d6 b3 47. Kd2
b2 48. Kc2 Bd3+ 49. Kxb2 Bxe4 50. Kc3 Bc6 51. Rh7 e4 52. Kd4 e3 53. Kxe3 Nc4+
54. Kf2 Nxd6 55. Rxh6 Ne4+ 56. Ke3 Bb7 57. h4 gxh4 58. Rxh4 Nd6 59. Rh7 Bc8 60.
Kf4 Ne8 61. g5 Nd6 62. f6 Bf5 63. Rc7 Bg6 64. Rg7 Bf7 65. g6 Bxg6 66. Rxg6 Kf7
67. Kg5 Ne4+ 1/2-1/2

[Event "SV Bad Schwartau-Hagener SV"]
[Site "Greifswald"]
[Date "2013.09.13"]
[Round "3.1"]
[White "Worpenberg, Lukas"]
[Black "Reinhardt, Johannes"]
[Result "0-1"]
[WhiteElo "1802"]
[BlackElo "1792"]
[PlyCount "66"]
[EventDate "2013.??.??"]
[WhiteTeam "Hagener SV"]
[BlackTeam "SV Bad Schwartau"]

1. e4 d5 2. exd5 Qxd5 3. Nc3 Qd6 4. Nf3 Nf6 5. d4 c6 6. Be2 Bf5 7. Ne5 Nbd7 8.
Bf4 Nd5 9. Nxd5 Qxd5 10. O-O Nxe5 11. Bxe5 f6 12. Bg3 O-O-O 13. c3 Qa5 14. a4
e5 15. b4 Qc7 16. b5 c5 17. d5 g5 18. a5 Qd7 19. b6 a6 20. Bc4 h5 21. h4 Bd6
22. Qe2 Rdg8 23. Rfb1 Bxb1 24. Rxb1 gxh4 25. Bxh4 Qg4 26. f3 Qxh4 27. Bxa6 e4
28. Bxb7+ Kb8 29. Qa6 Rxg2+ 30. Kxg2 Rg8+ 31. Kf1 Qh3+ 32. Ke2 Rg2+ 33. Ke1
Qh1+ 0-1

[Event "SV Bad Schwartau-Hagener SV"]
[Site "Greifswald"]
[Date "2013.09.13"]
[Round "3.2"]
[White "Rost, Henning"]
[Black "Pappert, Florian"]
[Result "0-1"]
[WhiteElo "1622"]
[BlackElo "1676"]
[PlyCount "32"]
[EventDate "2013.??.??"]
[WhiteTeam "SV Bad Schwartau"]
[BlackTeam "Hagener SV"]

1. f4 d5 2. g3 Nf6 3. Nf3 Bf5 4. Bg2 Nc6 5. d3 e6 6. O-O Be7 7. c3 O-O 8. Qe1
Qd7 9. Nh4 Bg6 10. Nxg6 hxg6 11. e4 dxe4 12. dxe4 Rfd8 13. Be3 Qd3 14. Nd2 Ng4
15. Bd4 Nxd4 16. Rd1 Nc2 0-1

[Event "SV Bad Schwartau-Hagener SV"]
[Site "Greifswald"]
[Date "2013.09.13"]
[Round "3.3"]
[White "Hoppe, Michael"]
[Black "Saß, Patrick"]
[Result "1-0"]
[WhiteElo "1596"]
[BlackElo "1598"]
[PlyCount "71"]
[EventDate "2013.??.??"]
[WhiteTeam "Hagener SV"]
[BlackTeam "SV Bad Schwartau"]

1. d4 Nf6 2. Bf4 b6 3. f3 d5 4. Nc3 Bb7 5. e3 e6 6. Qd2 c5 7. Nge2 Nc6 8. O-O-O
Ba6 9. e4 Bxe2 10. Bxe2 Nxd4 11. Bb5+ Nxb5 12. Nxb5 Rc8 13. exd5 Nxd5 14. c4
Nxf4 15. Qxf4 Qf6 16. Nc7+ Rxc7 17. Qxc7 Be7 18. Qc8+ Bd8 19. Qd7+ Kf8 20.
Qxd8+ Qxd8 21. Rxd8+ Ke7 22. Rxh8 h6 23. Ra8 Kf6 24. Kd2 a5 25. Rb8 a4 26. Rxb6
a3 27. bxa3 h5 28. a4 h4 29. h3 g5 30. a5 g4 31. hxg4 Kg5 32. Ke3 f5 33. gxf5
h3 34. gxh3 e5 35. Rg1+ Kh5 36. Rb8 1-0

[Event "SV Bad Schwartau-Hagener SV"]
[Site "Greifswald"]
[Date "2013.09.13"]
[Round "3.4"]
[White "Kagel, Jan-Malte"]
[Black "Bick, Lennard"]
[Result "0-1"]
[WhiteElo "1175"]
[BlackElo "1537"]
[PlyCount "56"]
[EventDate "2013.??.??"]
[WhiteTeam "SV Bad Schwartau"]
[BlackTeam "Hagener SV"]

1. e4 e6 2. d4 d5 3. exd5 exd5 4. Nf3 Bd6 5. Nc3 Ne7 6. Be3 Bf5 7. Bd3 c6 8.
Qe2 O-O 9. O-O Re8 10. Qd2 Nd7 11. Rfe1 Nf6 12. Bxf5 Nxf5 13. h3 Bb4 14. a3
Nxe3 15. Rxe3 Rxe3 16. Qxe3 Qa5 17. Nd2 Re8 18. Nb3 Rxe3 19. Nxa5 Bxc3 20. bxc3
Rxc3 21. Nxb7 Rxc2 22. Rb1 g6 23. Na5 c5 24. Rb8+ Kg7 25. Rc8 c4 26. f3 Ra2 27.
Rc7 Rxa3 28. Rxa7 c3 0-1